LEADER 02155nam0 2200469 i 450 001 IEI0110316 005 20251003044159.0 010 $a8881144166 020 $aIT$b97-6737 100 $a19970527d1996 ||||0itac50 ba 101 | $aita 102 $ait 181 1$6z01$ai $bxxxe 182 1$6z01$an 200 1 $aColonialismo e comunicazioni$ele strade ferrate nell'Africa italiana, 1887-1943$fStefano Maggi 210 $aNapoli [etc.]$cEdizioni scientifiche italiane$d[1996] 215 $a276 p., [8] c. di tav.$cill.$d24 cm. 225 | $aNuove ricerche di storia$v14 410 0$1001CFI0161280$12001 $aNuove ricerche di storia$v14 606 $aFerrovie$xAfrica orientale$x1890-1940$2FIR$3CFIC090573$9I 606 $aAfrica orientale$xColonizzazione$2FIR$3CFIC090574$9I 676 $a325.3145096$9AMMINISTRAZIONE E POLITICA COLONIALE. ITALIA. AFRICA$v20 676 $a385.096$9$v21 676 $a385.0963$9TRASPORTI FERROVIARI. ETIOPIA$v21 686 $aIT/X41.5$cPOLITICA COLONIALE E POLITICA COMUNITARIA ITALIA$2R 686 $aIT/X434.4$cTRASPORTI FERROVIARI ITALIA$2R 686 $aIT/X434.6$cVIABILITA TRASPORTI STRADALI ITALIA$2R 686 $aX13.0$cCOLONIALISMO E ANTICOLONIALISMO$2R 686 $aX131.0$cCOLONIE ITALIANE$2R 696 $aReti ferroviarie$aStrade ferrate 699 $aFerrovie$zReti ferroviarie 699 $aFerrovie$yStrade ferrate 700 1$aMaggi$b, Stefano$f <1966- >$3CFIV181299$4070$0130581 801 3$aIT$bIT-000000$c19970527 850 $aIT-BN0095 $aIT-NA0079 901 $bNAP BN$cMAGAZZINO $nmagazzini correnti divisi per anni 901 $bNAP 01$cPOZZO LIB.$nVi sono collocati fondi di economia, periodici di ingegneria e scienze, periodici di economia e statistica e altri fondi comprendenti documenti di economia pervenuti in dono. 912 $aIEI0110316 950 0$aBiblioteca Centralizzata di Ateneo$c1 v.$d 01POZZO LIB.ECON MON 5906$e 0101 0000212575E VMA 1 v.$fB $h20210409$i20210409 977 $a 01$a BN 996 $aColonialismo e comunicazioni$9498747 997 $aUNISANNIO